Statistics for Arctic Monkeys Lyrics - Riot Van

Click here to take the quiz!

General Stats

  • This quiz has been taken 53 times
  • The average score is 129 of 170

Answer Stats

Lyrics% Correct
a
100%
riot
100%
van,
100%
van
100%
the
97%
We
94%
And
91%
and
91%
in
88%
me
88%
me"
88%
on
88%
there
88%
to
88%
be?
85%
do
85%
is
85%
look
85%
So
85%
they
85%
They
85%
But
82%
no
82%
You
82%
you
82%
annoyed
79%
boys
79%
'cause
79%
'Cause
79%
excitement
79%
"I'm
79%
it
79%
officer,
79%
policemen
79%
up
79%
are
76%
could
76%
don't
76%
he
76%
ones
76%
sparks
76%
age
73%
avoid
73%
certain
73%
for
73%
Just
73%
just
73%
night
73%
Oh,
73%
rolls
73%
should
73%
sorry,
73%
supposed
73%
that
73%
you're
73%
blue
70%
enough
70%
last
70%
old
70%
these
70%
win
70%
with
70%
catch
67%
get
67%
Got
67%
had
67%
"Have
67%
him
67%
laugh
67%
less
67%
men
67%
nobody
67%
son?
67%
still
67%
stop
67%
talking
67%
those
67%
though,
67%
told
67%
took
67%
Well,
67%
away,
64%
care
64%
chase
64%
coppers
64%
couldn't
64%
crooks
64%
didn't
64%
dressed
64%
drinking,
64%
From
64%
if
64%
kicked
64%
much
64%
ran
64%
silly
64%
their
64%
was
64%
way
64%
won't
64%
wrong,
64%
address
61%
been
61%
chin
61%
find
61%
hats
61%
names
61%
Perhaps
61%
proper
61%
take
61%
us
61%
why
61%
ask
58%
lads
58%
please
58%
truncheons
58%
wind
58%
all
55%
Thrown
52%

Score Distribution

Percentile by Number Answered

Percent of People with Each Score

Your Score History

You have not taken this quiz